LIBRARY & INFORMATION CENTRE, KCAET, TAVANUR

ONLINE PUBLIC ACCESS CATALOGUE (OPAC)

Basic electronics: solid state (Record no. 13905)

MARC details
000 -LEADER
fixed length control field 00288nam a22001217a 4500
020 ## - INTERNATIONAL STANDARD BOOK NUMBER
ISBN 9788121925563
082 ## - DEWEY DECIMAL CLASSIFICATION NUMBER
Classification number 621.381
Item number THE/BA
100 ## - MAIN ENTRY--AUTHOR NAME
Personal name Theraja, B.L
245 ## - TITLE STATEMENT
Title Basic electronics: solid state
260 ## - PUBLICATION, DISTRIBUTION, ETC. (IMPRINT)
Place of publication New Delhi
Name of publisher S.Chand & Company Ltd.
Year of publication 2012
300 ## - PHYSICAL DESCRIPTION
Number of Pages 715
942 ## - ADDED ENTRY ELEMENTS (KOHA)
Koha item type Books
Holdings
Withdrawn status Lost status Damaged status Collection code Home library Current library Shelving location Date acquired Source of acquisition Cost, normal purchase price Full call number Accession Number Koha item type
      Non-fiction KAUAET KAUAET General Stacks 30/03/2013 Calicut Book Distributors 475.00 621.381 THE/BA 23651 Books
free website counter